Unternehmensformen und ihre Besteuerung
Salvato in:
| Autore principale: | |
|---|---|
| Natura: | Libro |
| Lingua: | tedesco |
| Pubblicazione: |
Wiesbaden
Gabler
1991
|
| Edizione: | 1. Aufl. |
| Soggetti: | |
| Tags: |
Nessun Tag, puoi essere il primo ad aggiungerne!!
|
MARC
| LEADER | 00000nam a2200000 4500 | ||
|---|---|---|---|
| 001 | c000199 | ||
| 005 | 20221214102248.9 | ||
| 020 | |a 3-409-13979-6 | ||
| 041 | 0 | |a ger | |
| 044 | |a DE | ||
| 245 | 1 | 0 | |a Unternehmensformen und ihre Besteuerung |c Hans Joachim Uhle |
| 250 | |a 1. Aufl. | ||
| 264 | 1 | |a Wiesbaden |b Gabler |c 1991 | |
| 300 | |a 109 s. | ||
| 610 | 2 | 0 | |a podnikanie |
| 610 | 2 | 0 | |a politika daňová |
| 610 | 2 | 0 | |a právo obchodné |
| 610 | 2 | 0 | |a podnik súkromný |
| 610 | 2 | 0 | |a firmy |
| 610 | 2 | 0 | |a spoločnosti obchodné |
| 610 | 2 | 0 | |a korporácie |
| 610 | 2 | 0 | |a dane zo zisku |
| 610 | 2 | 0 | |a dane dôchodkové |
| 610 | 2 | 0 | |a právo občianske |
| 610 | 2 | 0 | |a spoločnosti akciové |
| 610 | 2 | 0 | |a družstvá |
| 610 | 2 | 0 | |a dane podnikové |
| 100 | 1 | |a Uhle, Hans Joachim | |